الواضح في مصطلح الحديث : (رقم التسجيلة. 74860)
[ عرض عادي ]
| 000 -الفاتح | |
|---|---|
| عناصر البيانات ثابتة الطول | 00777cam a2200205 i 4500 |
| 005 - تاريخ ووقت آخر معاملة | |
| حقل ضبط | 20251201085318.0 |
| 008 - عناصر البيانات ثابتة الطول | |
| عناصر البيانات ثابتة الطول | 250721s2000 jo gr 000 0 ara d |
| 082 14 - رقم تصنيف ديوي العشري | |
| رقم التصنيف | 213 |
| رقم المادة | ن ع م |
| 100 1# - مدخل رئيسي – اسم شخصي | |
| الاسم الشخصي | النعمة، إبراهيم |
| علاقة الشخص بالعمل/ دوره | مؤلف . |
| 245 12 - بيان العنوان | |
| العنوان | الواضح في مصطلح الحديث : |
| بقية العنوان | (للمبتدئين) مع أسئلة و تمارين للمناقشة / |
| بيان المسؤولية | الشيخ ابراهيم النعمه. |
| 250 ## - بيان الطبعة | |
| بيان الطبعة | الطبعه الاولى. |
| 264 31 - بيانات النشر، التوزيع…إلخ | |
| مكان النشر، التوزيع...إلخ | عمان : |
| اسم الناشر، الموزع...إلخ | دار النفائس للنشر والتوزيع، |
| تاريخ النشر، التوزيع...إلخ | 2000. |
| 300 ## - الوصف المادي | |
| عدد الوحدات المكونة للوعاء | 238 صفحه. |
| 650 17 - مدخل إضافي بالموضوع - مصطلح موضوعي | |
| مصطلح موضوعي أو اسم جغرافي كعنصر مدخل | الإسلام . |
| 650 17 - مدخل إضافي بالموضوع - مصطلح موضوعي | |
| مصطلح موضوعي أو اسم جغرافي كعنصر مدخل | علوم الحديث. |
| 650 17 - مدخل إضافي بالموضوع - مصطلح موضوعي | |
| مصطلح موضوعي أو اسم جغرافي كعنصر مدخل | علم المصطلح . |
| 650 17 - مدخل إضافي بالموضوع - مصطلح موضوعي | |
| مصطلح موضوعي أو اسم جغرافي كعنصر مدخل | الحديث الشريف. |
| 942 ## - بيانات إضافية (كوها) | |
| نوع التنصيف | Dewey Decimal Classification |
| نوع المادة (كوها) | كتب |
| حالة السحب | حالة الفقدان | مصدر التصنيف | حالة التلف | غير قابل للإعارة | المكتبة الرئيسية | المكتبة الحالية | موقع الرف | تاريخ التزويد | الرقم المتسلسل | Total Checkouts | رقم الإستدعاء | الباركود | تاريخ آخر ظهور | تاريخ الفاتورة | نوع المادة (كوها) | العملة |
|---|---|---|---|---|---|---|---|---|---|---|---|---|---|---|---|---|
| Dewey Decimal Classification | المكتبة المركزية | المكتبة المركزية | الإعارة | 30/11/2025 | 395042 | 213 / ن ع م | 395042 | 30/11/2025 | 30/11/2025 | كتب | JOD | |||||
| Dewey Decimal Classification | مكتبة أبو علندا العامة | مكتبة أبو علندا العامة | الإعارة | 06/07/2004 | 395065 | 213/نعم | 395065 | 28/07/2025 | 06/07/2004 | كتب | ||||||
| Dewey Decimal Classification | Unchecked | مكتبة أم قصير والمقابلين العامة | مكتبة أم قصير والمقابلين العامة | الإعارة | 06/07/2004 | 395064 | 213/نعم | 28/07/2025 | 06/07/2004 | كتب | ||||||
| Dewey Decimal Classification | مكتبة الأميرة ايمان العامة | مكتبة الأميرة ايمان العامة | الإعارة | 06/07/2004 | 395056 | 213/نعم | 395056 | 28/07/2025 | 06/07/2004 | كتب | ||||||
| Dewey Decimal Classification | مكتبة الأميرة سلمى | مكتبة الأميرة سلمى | الإعارة | 17/06/2015 | 1469697 | 213/نعم | PLD00331812 | 28/07/2025 | 17/06/2015 | كتب | ||||||
| Dewey Decimal Classification | Unchecked | مكتبة الاميرة بديعة | مكتبة الاميرة بديعة | الإعارة | 06/07/2004 | 395059 | 213/نعم | 28/07/2025 | 06/07/2004 | كتب | ||||||
| Dewey Decimal Classification | Unchecked | مكتبة الجويدة | مكتبة الجويدة | الإعارة | 06/07/2004 | 395060 | 213/نعم | 28/07/2025 | 06/07/2004 | كتب | ||||||
| Dewey Decimal Classification | مكتبة الحسن العامة | مكتبة الحسن العامة | الإعارة | 06/07/2004 | 395061 | 213/نعم | 395061 | 28/07/2025 | 06/07/2004 | كتب | ||||||
| Dewey Decimal Classification | مكتبة حمزة العامة | مكتبة حمزة العامة | الإعارة | 06/07/2004 | 395062 | 213/نعم | 395062 | 28/07/2025 | 06/07/2004 | كتب | ||||||
| Dewey Decimal Classification | مكتبة صويلح العامة | مكتبة صويلح العامة | الإعارة | 06/07/2004 | 395057 | 213/نعم | 395057 | 28/07/2025 | 06/07/2004 | كتب | ||||||
| Dewey Decimal Classification | Unchecked | مكتبة وادي السير العامة | مكتبة وادي السير العامة | الإعارة | 06/07/2004 | 395066 | 213/نعم | 28/07/2025 | 06/07/2004 | كتب |